Processing of natural rubber (Record no. 40742)

MARC details
000 -LEADER
fixed length control field 00319nam a2200121Ia 4500
082 ## - DEWEY DECIMAL CLASSIFICATION NUMBER
Classification number NR:62:678.02
Item number VER
245 #0 - TITLE STATEMENT
Title Processing of natural rubber
260 ## - PUBLICATION, DISTRIBUTION, ETC. (IMPRINT)
Place of publication Rome
Name of publisher FAO
Year of publication 1973
490 ## - SERIES STATEMENT
Series statement FAO Agricultural Services Bulletin 20
700 ## - ADDED ENTRY--PERSONAL NAME
Personal name Verhaar, G
942 ## - ADDED ENTRY ELEMENTS (KOHA)
Koha item type Books
Holdings
Withdrawn status Lost status Damaged status Not for loan Home library Current library Date acquired Cost, normal purchase price Full call number Accession Number Koha item type
        RRII Library RRII Library 16/12/2021 19.00 NR:62:678.02 VER 21038 Books